[Event "Zuerich Seniors op 08th"]
[Site "Zuerich"]
[Date "2010.02.03"]
[Round "8"]
[White "Glur, Erwin"]
[Black "Laesser, Alfred"]
[Result "0-1"]
[WhiteElo "1956"]
[BlackElo "2040"]
[PlyCount "68"]
[EventDate "2010.01.25"]
[EventType "swiss"]
[EventRounds "9"]
[EventCountry "SUI"]
[SourceTitle "EXT 2022"]
[Source "ChessBase"]
[SourceDate "2021.10.06"]
[SourceVersion "1"]
[SourceVersionDate "2021.10.06"]
[SourceQuality "1"]

1. e4 d5 2. e5 c5 3. Bb5+ Nc6 4. Ne2 Bd7 5. Bxc6 Bxc6 6. 0-0 d4 7. f4 Qd5 8. Rf2 h5 9. d3 Nh6 10. c4 Qd7 11. Qe1 Ng4 12. Rf1 Qf5 13. b4 b6 14. bxc5 Qxd3 15. cxb6 Qe4 16. Rf3 d3 17. Nbc3 Qxc4 18. Ng3 e6 19. Nge4 axb6 20. h3 Nh6 21. Be3 Bxe4 22. Nxe4 Qxe4 23. Qb1 Be7 24. Qb5+ Kf8 25. Qxb6 Nf5 26. Bf2 g6 27. Qb1 Rd8 28. Qd1 Kg7 29. Rb1 d2 30. Rb2 Rd5 31. Rxd2 Rxd2 32. Qxd2 Rd8 33. Qa5 Rd1+ 34. Kh2 Qb1 0-1

[Event "Zuerich Seniors op 08th"]
[Site "Zuerich"]
[Date "2010.02.02"]
[Round "7"]
[White "Laesser, Alfred"]
[Black "Trcek, Ciril"]
[Result "1-0"]
[WhiteElo "2040"]
[BlackElo "2036"]
[PlyCount "53"]
[EventDate "2010.01.25"]
[EventType "swiss"]
[EventRounds "9"]
[EventCountry "SUI"]
[SourceTitle "EXT 2022"]
[Source "ChessBase"]
[SourceDate "2021.10.06"]
[SourceVersion "1"]
[SourceVersionDate "2021.10.06"]
[SourceQuality "1"]

1. d4 d5 2. Nf3 Nc6 3. Bf4 Nf6 4. e3 g6 5. Nbd2 Bg7 6. c4 Nh5 7. Bg5 h6 8. Bh4 g5 9. Bg3 Nxg3 10. hxg3 dxc4 11. Bxc4 a6 12. Rc1 Bg4 13. Qc2 Qd6 14. a3 f5 15. Qb3 Nd8 16. Qa4+ c6 17. Ba2 e6 18. b4 0-0 19. Qb3 b5 20. Ne5 Bxe5 21. dxe5 Qxe5 22. Rxh6 Kg7 23. Rh1 Kg6 24. Nf3 Bxf3 25. gxf3 Qd5 26. Ke2 Rf6 27. Qc2 1-0